000 00481nam a2200145Ia 4500
008 100415s9999 xx 000 0 und d
082 _b10863
_a598.2(54)
100 _aWoodcock Martin W.
245 _aCollins handguide to the birds of the Indian sub-continent
260 _aLONDON
_c1980
_bCOLLINS
365 _b0
630 _aCollins handguide to the birds of the Indian sub-continent
730 _aCollins handguide to the birds of the Indian sub-continent
942 _cBOOK
999 _c593789
_d593786